00701nam a22002417a 45000010005000000030006000050050017000110080041000280200018000690400029000870500008001161000020001242450068001442600038002123000054002504900015003045050008003195210020003275210020003476500025003676500032003927000035004249313FISKH20260116124832.0251210b cb ||||| |||| 00| 0 eng d a9780439847360 aFISKHbengcFISKHdFISKH aPZ7 aEvans , Lynette aMaster builders / cby Lynettes : Illustrated by Spike Wademan  aNew York : bScholastic , c2006. a24 pages : bcolor illustrations ;c15 X 19 cm .  aBrain Bank aU 8 a840 bLexile 8 aU bRaz-Plus  aHistoryvNon-fiction asocial studiesvNon-fiction aWademan , Spike eIllustrator